Quiz o stolicach Ameryki Południowej - Statystyki

Ogólne statystyki
  • Ten quiz został rozwiązany 122 razy
  • Średni wynik to 8 z 12
Statystyki odpowiedzi
Kraj Stolica % Poprawnych
Argentyna Buenos Aires
100%
Brazylia Brasília
89%
Chile Santiago
85%
Kolumbia Bogotá
82%
Peru Lima
81%
Uruguwaj Montevideo
79%
Wenezuela Caracas
65%
Ekwador Quito
65%
Paragwaj Asunción
47%
Gujana Georgetown
47%
Surinam Paramaribo
44%
Boliwia La Paz or Sucre
15%
Nie znaleziono quizów pasujących do podanych kryteriów
Rozkład punktacji
Procent ludzi z każdym wynikiem
Percentyl według liczby udzielonych odpowiedzi
Twoja historia wyników
Nie rozwiązałeś tego quizu